México: recuperación con incetidumbre /

Guardat en:
Dades bibliogràfiques
Autor principal: Labra Manjarrez, Armando
Format: Text
Etiquetes: Afegir etiqueta
Sense etiquetes, Sigues el primer a etiquetar aquest registre!

MARC

LEADER 00000 a a2200000 04500
001 45755
003
040 |a CRAI/IIS  |c CRAI/IIS 
100 |a Labra Manjarrez, Armando  
245 |a México:   |b recuperación con incetidumbre /  |c Armando Labra Manjarrez  
773 |g número62 (1992), páginas 22-29  
999 |c 18441  |d 18441